| 000 | 01378nam a2200361 i 4500 | ||
|---|---|---|---|
| 001 | 25474 | ||
| 003 | KOSZ 005 | ||
| 005 | 20220330092132.0 | ||
| 008 | 080318s1971 pl a f 001 0 pol | ||
| 015 | _aPB 1971/5281 | ||
| 035 | _a(OCoLC)831326028 | ||
| 040 |
_aWA N _cWA N _dKOSZ 005/KK |
||
| 080 | _a519:63.001.5 | ||
| 100 | 1 |
_aOktaba, Wiktor _d(1920-2009) _eAutor |
|
| 245 | 1 | 0 |
_aMetody statystyki matematycznej w doświadczalnictwie / _cWiktor Oktaba. |
| 260 |
_aWarszawa : _bPaństwowe Wydawnictwo Naukowe, _c1971. |
||
| 300 |
_a488 stron : _bilustracje ; _c23 cm. |
||
| 336 |
_2rdacontent _aTekst _btxt |
||
| 337 |
_2rdamedia _aBez urządzenia pośredniczącego _bn |
||
| 338 |
_2rdacarrier _aWolumin _bnc |
||
| 380 | _aKsiążki. | ||
| 500 | _aStanowi kontynuację podręcznika pt.: Elementy statystyki matematycznej i metodyka doświadczalnictwa 1966. | ||
| 504 | _aBibliografia na stronach 472-478. Indeks. | ||
| 650 | 4 | _aRolnictwo doświadczalne | |
| 650 | 4 | _aEksperymenty | |
| 650 | 4 | _aStatystyka matematyczna | |
| 655 | 4 | _aPodręczniki akademickie | |
| 658 | _aMatematyka | ||
| 658 | _aRolnictwo i leśnictwo | ||
| 710 |
_aPaństwowe Wydawnictwo Naukowe _4pbl. |
||
| 856 |
_uhttp://koha.tu.koszalin.pl/cgi-bin/koha/opac-detail.pl?biblionumber=25474 _yKatalog online BPK |
||
| 942 |
_2UKD _cKS |
||
| 999 |
_c25474 _d25474 |
||